Strategy for agricultural planning: selection of crops and areas for self-reliance (Record no. 375396)

000 -LEADER
fixed length control field 00595cam a22001457a 4500
008 - FIXED-LENGTH DATA ELEMENTS--GENERAL INFORMATION
fixed length control field 180718b1966 xxu||||| |||| 00| 0 eng d
082 ## - DEWEY DECIMAL CLASSIFICATION NUMBER
Classification number Z000x54 N213
245 ## - TITLE STATEMENT
Title Strategy for agricultural planning: selection of crops and areas for self-reliance
Statement of responsibility, etc. by National Council of Applied Economic Research
260 ## - PUBLICATION, DISTRIBUTION, ETC.
Place of publication, distribution, etc. New Delhi
Name of publisher, distributor, etc. National Council of Applied Economic Research
Date of publication, distribution, etc. 1966
300 ## - PHYSICAL DESCRIPTION
Extent 103p.
440 ## - SERIES STATEMENT/ADDED ENTRY--TITLE
Title Occasional paper; 19
650 ## - SUBJECT ADDED ENTRY--TOPICAL TERM
Topical term or geographic name entry element Agriculture --Economic aspects --India
650 ## - SUBJECT ADDED ENTRY--TOPICAL TERM
Topical term or geographic name entry element Agriculture and state --India
700 ## - ADDED ENTRY--PERSONAL NAME
Personal name India. National Council of Applied Economic Research
Holdings
Withdrawn status Lost status Damaged status Not for loan Permanent Location Current Location Date acquired Full call number Barcode Date last seen Price effective from Koha item type
        Indian Institute of Public Administration Indian Institute of Public Administration 1994-07-21 Z000x54 N213 39538 2018-07-21 2018-07-21 Book

Powered by Koha